Rapport du conseil D'administration a L'assemblee generale ordinaire du 23 Avril 1898

ग्रंथसूची विवरण
निगमित लेखक: Societe Metallurgique de l'aluminium "Procedes Peniakoff" Societe Anonyme
सारांश:В описании используется грамматика 19 века
भाषा:फ़्रेंच
प्रकाशित: Bruxelles, Imprimerie A.Berqueman, 1898
विषय:
स्वरूप: MixedMaterials पुस्तक
KOHA link:https://koha.lib.tpu.ru/cgi-bin/koha/opac-detail.pl?biblionumber=360066

MARC

LEADER 00000nam0a2200000 4500
001 360066
005 20231102011240.0
035 |a (RuTPU)RU\TPU\retro\17374 
090 |a 360066 
100 |a 20210304d1898 m y0frey50 ba 
101 0 |a fre 
102 |a BE 
105 |a a z 000zy 
200 1 |a Rapport du conseil D'administration a L'assemblee generale ordinaire du 23 Avril 1898  |f Societe Metallurgique de l'aluminium "Procedes Peniakoff" Societe Anonyme 
210 |a Bruxelles  |c Imprimerie A.Berqueman  |d 1898 
215 |a 16 p.  |c tabl. 
300 |a В описании используется грамматика 19 века 
316 |5 63413507: 45//510  |a На титульном листе дарственная надпись: "В дар от г. Н. Асташева 25/X 904" 
317 |5 63413507: 45//510  |a Поступил в НТБ в 1904 г. в дар от наследников Н. В. Асташева 
541 1 |a Отчет Совета директоров очередному годовому общему собранию от 23 апреля 1898 г.  |z fre 
606 1 |a Алюминиевые заводы  |x Анализ хозяйственной деятельности  |2 stltpush  |3 (RuTPU)RU\TPU\subj\21868  |9 46785 
610 1 |a финансовые отчеты 
610 1 |a Коллекция Н. В. Асташева 
610 1 |a дарственные надписи 
610 1 |a дебиторская задолженность 
610 1 |a дебиторы 
610 1 |a акционеры 
610 1 |a денежный оборот 
610 1 |a кредитное обеспечение 
610 1 |a французский язык 
610 1 |a 19 век 
675 |a 669.71.013  |v 3 
712 0 2 |a Societe Metallurgique de l'aluminium "Procedes Peniakoff" Societe Anonyme  |e Bruxelles 
801 1 |a RU  |b 63413507  |c 20210304 
801 2 |a RU  |b 63413507  |c 20220607  |g RCR 
942 |c BK